000 00558cam a2200145 4500500
005 20260208010836.0
041 _afre
042 _adc
100 1 0 _aDubray, Jean
_eauthor
245 0 0 _aGuillaume de Tanoüarn, Parier avec Pascal, Paris, Cerf (coll. « Théologies »), 2012, 318 p., 28 €
260 _c2014.
500 _a7
786 0 _nRevue philosophique de la France et de l'étranger | 139 | 2 | 2014-03-11 | p. 237l-251l | 0035-3833
856 4 1 _uhttps://shs.cairn.info/revue-philosophique-2014-2-page-237l?lang=fr&redirect-ssocas=7080
999 _c1658457
_d1658457